000 00660nam a2200205 4500
001 148691
003 ES-MaACL
005 20250802101707.0
007 t|
008 070214s1968 sp r ||||1| spa d
100 1 _aStyron, William.
_9108527
245 1 4 _aLas confesiones de Nat Turner /
_cWilliam Styron ; traducción de Andrés Bosch.
260 _a[Barcelona] :
_bLumen,
_c[1968] (
_fLeopoldo Martínez)
300 _a522 p. ;
_c19 cm.
490 1 _aPalabra en el tiempo ;
_v40
700 1 _aBosch, Andrés,
_d1926-1984
_9160182
830 0 _aPalabra en el tiempo ;
_v40
_9177857
852 _aES-MaACL
_jC-35628
_bR.68970
999 _c148691
_d148691